000 00719nam a22001937a 4500
005 20250911170606.0
010 _aB-774977-989 20BACCHEN25
020 _a9789359549118
_c299.00
035 _aB-774977-989
037 _bScholastic
082 _aS
100 _aMara, Maddy
_985007
245 _aDragon Girls:
_bEloise The Flam Dragons/
_cBy Maddy Mara
260 _aDelhi
_bScholastic Inc.
270 _b
300 _a124p.
_c19cm(pb)
942 _2ddc
_cCH
_hS
_mMAR
999 _c209687
_d209687